00481nam a2200181Ia 450000500170000000800410001702000150005808200130007324500620008626000450014830000190019365000100021265000150022265000100023765000160024770000200026370000160028320241205015251.0240331s9999 xx 000 0 und d a0195631951 bWOMa891 0aWomen writing in India 600 B.C to the present :bVolume I aNew DelhibOxford University Pressc1991 aXXIX, 537 p ., aWomen aLiterature aPoems aNationalism aTharu , S.eedt aLalitaeedt